Instituciones económicas, sociales y políticas de la época fernandina / (Record no. 83139)
[ view plain ]
| 000 -LEADER | |
|---|---|
| campo de control de longitud fija | 00854nam a2200217 i 4500 |
| 001 - NÚMERO DE CONTROL | |
| campo de control | 83139 |
| 003 - IDENTIFICADOR DE NÚMERO DE CONTROL | |
| campo de control | ES-MaACL |
| 005 - FECHA Y HORA DE LA ÚLTIMA TRANSACCIÓN | |
| campo de control | 20250923160914.0 |
| 007 - CAMPO FIJO DE DESCRIPCIÓN FÍSICA--INFORMACIÓN GENERAL | |
| campo de control de longitud fija | t| |
| 008 - DATOS DE LONGITUD FIJA--INFORMACIÓN GENERAL | |
| campo de control de longitud fija | 180607s1962 sp ||||1| spa d |
| 245 00 - MENCIÓN DEL TÍTULO | |
| Título | Instituciones económicas, sociales y políticas de la época fernandina / |
| Mención de responsabilidad, etc. | por J. Vicens Vives, V. Navarro González, J. Iglesies, E. Serra Rafols... |
| 260 ## - PUBLICACIÓN, DISTRIBUCIÓN, ETC. | |
| Lugar de publicación, distribución, etc. | Zaragoza : |
| Nombre del editor, distribuidor, etc. | "Institución Fernando el Católico", |
| Fecha de publicación, distribución, etc. | [1962] |
| 300 ## - DESCRIPCIÓN FÍSICA | |
| Extensión | 295 p. ; |
| Dimensiones | 24 cm. |
| 490 1# - MENCIÓN DE SERIE | |
| Mención de serie | Publicación núm. 290 de la Institución "Fernando el Católico" |
| 651 ## - PUNTO DE ACCESO ADICIONAL DE MATERIA--NOMBRE GEOGRÁFICO | |
| Nombre geográfico | España- |
| Subdivisión general | Historia- |
| Subdivisión cronológica | 1474-1516, Reyes Católicos. |
| 9 (RLIN) | 8222 |
| 700 1# - ENTRADA AGREGADA--NOMBRE PERSONAL | |
| Nombre de persona | Vicens Vives, Jaime, |
| Fechas asociadas al nombre | 1910-1960 |
| 9 (RLIN) | 114319 |
| 830 00 - PUNTO DE ACCESO ADICIONAL DE SERIE-TÍTULO UNIFORME | |
| Título uniforme | Publicación ... de la Institución Fernando el Católico ; |
| 9 (RLIN) | 233871 |
| Designación de volumen o secuencia | 290 |
| 852 ## - LOCALIZACIÓN | |
| Ubicación | ES-MaACL |
| Número de control de estantería | L-32003 |
| 942 ## - ELEMENTOS DE ENTRADA SECUNDARIOS (KOHA) | |
| Fuente del sistema de clasificación o colocación | Clasificación decimal universal |
| Estatus retirado | Estado de pérdida | Estado de daño | No para préstamo | Biblioteca de origen | Biblioteca actual | Ubicación en estantería | Fecha de adquisición | Fuente de adquisición | Total de préstamos | Signatura topográfica completa | Código de barras | Visto por última vez | Precio de reemplazo | Tipo de ítem Koha |
|---|---|---|---|---|---|---|---|---|---|---|---|---|---|---|
| Biblioteca del Ateneo de Madrid | Biblioteca del Ateneo de Madrid | Depósito 2 | 07/06/2018 | L-32003 | 1198953 | 23/02/2023 | 23/02/2023 | Libro impreso |
